Слово.ру: балтийский акцент. Т. 11, № 1 (темат. вып.): Философия текста, вып. 2 (Запись № 11705117)

Подробности
000 -МАРКЕР
контрольное поле 01397nam2a2200241 4500
001 - ИДЕНТИФИКАТОР ЗАПИСИ
контрольное поле RU\NLR\BIBL_A\012397155
005 - ИДЕНТИФИКАТОР ВЕРСИИ
контрольное поле 20260409072759.0
035 ## - ДРУГИЕ СИСТЕМНЫЕ НОМЕРА
Идентификатор записи (NLR Aleph) 012397155
100 ## - ДАННЫЕ ОБЩЕЙ ОБРАБОТКИ
Данные общей обработки 20201105d2020 u y0rusy50 ca
101 0# - ЯЗЫК РЕСУРСА
Язык текста, звукозаписи и т.д. русский
102 ## - СТРАНА ПУБЛИКАЦИИ ИЛИ ПРОИЗВОДСТВА
Страна публикации Российская Федерация
200 1# - ЗАГЛАВИЕ И СВЕДЕНИЯ ОБ ОТВЕТСТВЕННОСТИ
Основное заглавие Философия текста, вып. 2
Наименование части Взаимодействие текстов и структур в процессе коммуникации
Параллельное заглавие The philosophy of text, iss. 2
Наименование части Interaction of texts and structures of communication
Язык параллельного заглавия английский
210 ## - ПУБЛИКАЦИЯ, РАСПРОСТРАНЕНИЕ И ДР.
Дата издания, распространения и т.д. 2020
461 #0 - УРОВЕНЬ НАБОРА
Встроенное поле 001RU\NLR\Per\717657
-- 2001#$aСлово.ру: балтийский акцент$eнаучно-гуманитарный журнал$vТ. 11, № 1 (темат. вып.)
Системный номер (АБИС) связанной записи 3068312
Место публикации Калининград
Дата публикации 2010 -
Имя издателя, распространителя и т.д. Изд-во Российского государственного университета имени Иммануила Канта
Сведения, относящиеся к заглавию научно-гуманитарный журнал
Заглавие Слово.ру: балтийский акцент
ISSN 2225-5346
Номер тома Т. 11, № 1 (темат. вып.)
510 1# - ПАРАЛЛЕЛЬНОЕ ЗАГЛАВИЕ
Параллельное заглавие The philosophy of text, iss. 2
Наименование части Interaction of texts and structures of communication
Язык заглавия английский
606 ## - НАИМЕНОВАНИЕ ТЕМЫ КАК ПРЕДМЕТ
Наименование темы Текст (лингв.)
Формальный подзаголовок Сборники
Идентификатор авторитетной/нормативной записи RU\NLR\AUTH\661077073
Системный номер авторитетной/нормативной записи 1745069
686 1# - ИНДЕКСЫ ДРУГИХ КЛАССИФИКАЦИЙ
Индекс Ш102.23я43
852 ## - МЕСТОНАХОЖДЕНИЕ И ШИФР ХРАНЕНИЯ
Идентификатор организации NLR
Шифр хранения (Call Number) П23/8050
942 ## - ДОПОЛНИТЕЛЬНЫЕ ЭЛЕМЕНТЫ ЗАПИСИ (АБИС)
Тип экземпляра АБИС Выпуск
980 ## - КОЛЛЕКЦИЯ
Название коллекции Национальная библиография
980 ## - КОЛЛЕКЦИЯ
Название коллекции Русская периодика

Нет доступных экземпляров.